|
|
|
|
| LEADER |
00000nab a2200000 a 4500 |
| 001 |
vtls009357370 |
| 003 |
SK-MaSNL |
| 005 |
20260303232647.0 |
| 008 |
081105c2008 xo r m 000 00slo |
| 015 |
|
|
|a SNBRA2008/11SVKPO
|
| 038 |
|
|
|a SVKPO
|
| 040 |
|
|
|a SVKPOCL
|c slo
|e AACR2
|
| 041 |
0 |
|
|a slo
|
| 044 |
|
|
|a xo
|c SK
|
| 080 |
|
|
|a 81 ’25
|2 2001
|
| 080 |
|
|
|a 80(=16)+908(4)
|2 2001
|
| 080 |
|
|
|a 811.161.2 ’282
|2 2001
|
| 080 |
|
|
|a 811.161.2 ’373
|2 2001
|
| 100 |
1 |
|
|a Millá, Ľubomíra,
|d 1952-
|4 aut
|9 718890
|
| 245 |
1 |
0 |
|a Ukrajinska leksika v konteksti schidnoslov’janskich mov
|c Ľjubomira Milla
|
| 504 |
|
|
|a Bibliogr. odkazy
|
| 546 |
|
|
|a Res. angl.
|
| 650 |
0 |
7 |
|a teória prekladu
|2 svkpocl
|9 15928
|
| 650 |
0 |
7 |
|a slavistika
|2 svkpocl
|9 4282
|
| 650 |
0 |
7 |
|a ukrajinčina
|2 svkpocl
|9 1347
|
| 650 |
0 |
7 |
|a lexikológia
|2 svkpocl
|9 866
|
| 773 |
0 |
|
|t Hľadanie ekvivalentností III : zborník príspevkov z medzinárodnej konferencie rusistov, ktorá sa konala dňa 21. až 23. septembra v Prešove
|d Prešov : Prešovská univerzita, 2007
|g S. 610-613
|z 9788080686215
|
| 852 |
|
|
|a SVKPO
|b KIS3GCP
|
| 958 |
|
|
|a SK
|
| 958 |
|
|
|a NB
|
| 958 |
|
|
|a SS
|
| 999 |
|
|
|c 2273021
|d 2274951
|